| 000 | 00611nam a2200241Ia 4500 | ||
|---|---|---|---|
| 008 | 181129s9999 xx 000 0 und d | ||
| 020 | _a9780545178136 | ||
| 050 | _bS351 2009 | ||
| 100 | _aSchmidt, Gary D. | ||
| 245 | 0 | _aWednesday wars / | |
| 245 | 0 | _cby Gary D. Schmidt. | |
| 260 | _aNew York, NY : | ||
| 260 | _bScholastic, | ||
| 260 | _c2009 | ||
| 300 | _a264 pages : | ||
| 300 | _billustrations ; | ||
| 300 | _c19cm. | ||
| 650 | _aFamilies. | ||
| 650 | _aJunior High Schools. | ||
| 650 | _aNew York (State) -- Long Island. | ||
| 650 | _aPlays (Shakespeare, William). | ||
| 700 | _aTitle. | ||
| 999 |
_c360307 _d360307 |
||